Microcomputer electronics : a practical approach to hardware, software, troubleshooting, and interfacing (Record no. 67099)

000 -LEADER
fixed length control field 00538nam a22001697a 4500
003 - CONTROL NUMBER IDENTIFIER
control field NUST - PNEC
005 - DATE AND TIME OF LATEST TRANSACTION
control field 20170116181011.0
008 - FIXED-LENGTH DATA ELEMENTS--GENERAL INFORMATION
fixed length control field 150913b xxu||||| |||| 00| 0 eng d
020 ## - INTERNATIONAL STANDARD BOOK NUMBER
International Standard Book Number 0135801435
040 ## - CATALOGING SOURCE
Transcribing agency LIBRARY
082 ## - DEWEY DECIMAL CLASSIFICATION NUMBER
Classification number 621.3916 MET
100 ## - MAIN ENTRY--PERSONAL NAME
9 (RLIN) 10184
Personal name Metzger, Daniel L.
245 ## - TITLE STATEMENT
Title Microcomputer electronics : a practical approach to hardware, software, troubleshooting, and interfacing
Statement of responsibility, etc. Daniel L. Metzger
260 ## - PUBLICATION, DISTRIBUTION, ETC.
Date of publication, distribution, etc. c.1989
650 ## - SUBJECT ADDED ENTRY--TOPICAL TERM
9 (RLIN) 10185
Topical term or geographic name entry element Microcomputers--Maintenance and repair
General subdivision EL, EE
942 ## - ADDED ENTRY ELEMENTS (KOHA)
Source of classification or shelving scheme
Koha item type Book
Holdings
Withdrawn status Lost status Source of classification or shelving scheme Damaged status Not for loan Permanent Location Current Location Shelving location Date acquired Total Checkouts Full call number Barcode Date last seen Price effective from Koha item type
          Pakistan Navy Engineering College (PNEC) Pakistan Navy Engineering College (PNEC)       621.3916 MET PNECLIB-013695 09/13/2015   Book
© 2023 Central Library, National University of Sciences and Technology. All Rights Reserved.